01654cam a2200313 i 450000100090000000300040000900500170001300800410003001000170007102000180008802000300010602000300013602000350016604000180020104300120021905000260023108200170025710000260027424500290030025000350032926400490036430000280041333600260044133700280046733800270049552007660052265000300128865500220131820313420OSt20231005162400.0180126s2018 nyu 000 1 eng  a 2017299584 a9781837933525 a9781455563937 (hardcover) a9781455563920 (paperback) a9781478970880 (signed edition) aDLCcDLCerda aa-kr---00aPS3612.E346bP33 201800a813.6bLEE/P1 aLee, Min Jineauthor.10aPachinko /cMin Jin Lee. aFirst trade paperback edition. 1aNew York :bGrand Central Publishing,c2018. axii, 500 pages ;c21 cm atextbtxt2rdacontent aunmediatedbn2rdamedia avolumebnc2rdacarrier a"A new tour de force from the bestselling author of Free Food for Millionaires, for readers of The Kite Runner and Cutting for Stone. PACHINKO follows one Korean family through the generations, beginning in early 1900s Korea with Sunja, the prized daughter of a poor yet proud family, whose unplanned pregnancy threatens to shame them all. Deserted by her lover, Sunja is saved when a young tubercular minister offers to marry and bring her to Japan. So begins a sweeping saga of an exceptional family in exile from its homeland and caught in the indifferent arc of history. Through desperate struggles and hard-won triumphs, its members are bound together by deep roots as they face enduring questions of faith, family, and identity"--cProvided by publisher. 0aFamilieszKoreavFiction. 0aDomestic fiction.